000 00282nam a22001337a 4500
008 181217b xxu||||| |||| 00| 0 eng d
020 _a9781259971426
041 _aeng
080 _211 TH
_a573
100 _a11
101 _aBIO
245 _aBiology
_cRaven.J
942 _2udc
_cBK
999 _c53271
_d53271